Spectroscopic analysis of gas mixtureed (Record no. 2913)

MARC details
000 -LEADER
fixed length control field 00642nam a2200193Ia 4500
003 - CONTROL NUMBER IDENTIFIER
control field IN-BaIIA
008 - FIXED-LENGTH DATA ELEMENTS--GENERAL INFORMATION
fixed length control field 211028s9999 xx 000 0 eng d
040 ## - CATALOGING SOURCE
Transcribing agency IIA Library
080 ## - UNIVERSAL DECIMAL CLASSIFICATION NUMBER
Universal Decimal Classification number 535.33
Item number BOC
100 ## - MAIN ENTRY--PERSONAL NAME
Personal name Bochkova, O. P.
9 (RLIN) 5195
245 #0 - TITLE STATEMENT
Title Spectroscopic analysis of gas mixtureed
Statement of responsibility, etc. Bochkova, O. P. and E. Ya Shreyder; edited by S. E. Frisch
260 ## - PUBLICATION, DISTRIBUTION, ETC.
Place of publication, distribution, etc. New York
Name of publisher, distributor, etc. Academic Press
Date of publication, distribution, etc. 1965
300 ## - PHYSICAL DESCRIPTION
Extent xi, 313p.
650 ## - SUBJECT ADDED ENTRY--TOPICAL TERM
Topical term or geographic name entry element Astronomy and Astrophysics Thesaurus
650 ## - SUBJECT ADDED ENTRY--TOPICAL TERM
Topical term or geographic name entry element Spectroscopy
9 (RLIN) 1535
700 ## - ADDED ENTRY--PERSONAL NAME
Personal name Frisch, S. E., ed.
9 (RLIN) 5196
700 ## - ADDED ENTRY--PERSONAL NAME
Personal name Shreyder, E. Ya
9 (RLIN) 5197
942 ## - ADDED ENTRY ELEMENTS (KOHA)
Koha item type Books
Holdings
Withdrawn status Lost status Damaged status Not for loan Home library Current library Shelving location Date acquired Cost, normal purchase price Total Checkouts Full call number Barcode Date last seen Cost, replacement price Price effective from Koha item type Purchase Price
        IIA Library-Bangalore IIA Library-Bangalore General Stacks 09/05/1967 104.40   535.33/ BOC 3238 05/11/2021 104.40 09/05/1967 Books Rs. 104.40

Powered by Koha